Experimental mechanics ; proceedings.

Bibliographic Details
New Title:Proceedings of the . . . SESA International Congress on Experimental Mechanics
Corporate Authors: International Congress on Experimental Mechanics, Society for Experimental Stress Analysis, United States. Office of Naval Research
Format: Conference Proceeding
Language:English
Published: New York, N.Y. : Pergamon Press, 1963.
Subjects:
Online Availability: Check for online availability

MARC

Tag First Indicator Second Indicator Subfields
LEADER 00000cas a2200000 a 4500
001 in00000072241
005 20151008052441.0
008 791210d19611961nyu x 1uuua0eng
010 |a  62022049  
012 |i 8603 
019 |a 2252928 
022 |a 0071-3422 
035 |a (OCoLC)05779718 
035 |9 AAH3399AM 
040 |a DLC  |c TOL  |d OCL  |d NYG  |d DLC  |d OCL  |d TXA  |d UtOrBLW 
042 |a lc 
049 |a TXAE 
050 0 0 |a TA350  |b .I57 
111 2 |a International Congress on Experimental Mechanics. 
245 1 0 |a Experimental mechanics ;  |b proceedings. 
264 1 |a New York, N.Y. :  |b Pergamon Press,  |c 1963. 
300 |a 1 volume :  |b illustrations ;  |c 24 cm. 
310 |a Irregular 
336 |a text  |b txt  |2 rdacontent 
337 |a unmediated  |b n  |2 rdamedia 
338 |a volume  |b nc  |2 rdacarrier 
362 0 |a 1st (1961). 
550 |a Congresses sponsored by the Society for Experimental Stress Analysis and the Office of Navl Research. 
650 0 |a Mechanics, Applied  |v Congresses. 
650 0 |a Testing  |v Congresses. 
710 2 |a Society for Experimental Stress Analysis. 
710 1 |a United States.  |b Office of Naval Research. 
785 0 0 |t Proceedings of the . . . SESA International Congress on Experimental Mechanics 
999 |a MARS 
999 f f |s 61ff06fc-394a-3f56-8b31-f2d8fa1d19ce  |i 3a884965-3472-359b-8174-5cd301bd0f47  |t 0 
952 f f |p ric  |a Texas A&M University  |b Rellis Campus  |c Joint Library Facility  |d Remote Storage  |t 0  |e TA350 .I57  |h Library of Congress classification  |i unmediated -- volume  |k 1st  |l 1961  |m A14809388436 
998 f f |a TA350 .I57  |s 1st (1961)  |t 0  |l Remote Storage